| 000 | 00505nac a22001331u 4500 | ||
|---|---|---|---|
| 008 | 101104s2003 xxu||||| |||| 00| 0 ara d | ||
| 020 | _a9770909475 | ||
| 082 |
_a320.956 _bف ق ى |
||
| 245 |
_aمحنة أمة : _bخطايا النظم ومعاناة الشعوب / _cمصطفى الفقى |
||
| 260 |
_aالقاهرة : _bدار الشروق ،2003 _c2003. |
||
| 300 |
_a450 ص ؛ _c25 سم. |
||
| 651 |
_913700 _aالعالم العربي _xالأحوال السياسية |
||
| 942 |
_cBB _k320.956 ف ق ى _2ddc |
||
| 999 |
_c3751 _d3751 |
||